30 NFL Players 2000-Present College Quiz #1 - Statistics

General Stats
  • This quiz has been taken 24 times
  • The average score is 15 of 30
Answer Stats
Player Position Year Drafted Team Drafted By Answer % Correct
Aaron Rodgers QB 2005 Packers California
95%
Ezekiel Elliot RB 2016 Cowboys Ohio State
89%
Larry Fitzgerald WR 2004 Cardinals Pittsburgh
84%
Todd Gurley RB 2015 Rams Georgia
79%
Will Campbell OT 2025 Patriots LSU
74%
Ed Reed S 2002 Ravens Miami
74%
DK Metcalf WR 2019 Seahawks Ole Miss
74%
Andrew Luck QB 2012 Colts Stanford
74%
Arik Armstead DE 2015 49ers Oregon
63%
O.J. Howard TE 2017 Buccaneers Alabama
58%
Travis Kelce TE 2013 Chiefs Cincinatti
58%
Tank Dell WR 2023 Texans Houston
53%
Marshal Yanda OG 2007 Ravens Iowa
53%
Chad Johnson (Ochocinco) WR 2001 Bengals Oregon State
53%
Plaxico Burress WR 2000 Steelers Michigan State
47%
Marvin Mims Jr WR 2023 Broncos Oklahoma
42%
Earl Thomas S 2010 Seahawks Texas
42%
Alijah Vera-Tucker OG 2021 Jets USC
42%
Jay Cutler QB 2006 Bears Vanderbilt
42%
Terrell Suggs LB 2003 Ravens Arizona State
37%
Darius Slay CB 2013 Lions Mississippi State
37%
David Montgomery RB 2019 Bears Iowa State
32%
Brian Urlacher LB 2000 Bears New Mexico
32%
Eric Weddle S 2007 Chargers Utah
32%
Asante Samuel CB 2003 Patriots UCF
26%
Jared Allen DE 2004 Vikings Idaho State
21%
Thomas Morstead P 2009 Saints SMU
21%
Jason Pierre-Paul DE 2010 Giants USF
21%
Tyler Bass K 2020 Bills Georgia Southern
11%
Brian Westbrook RB 2002 Eagles Villanova
11%
No matching quizzes found
Score Distribution
Percent of People with Each Score
Percentile by Number Answered
Your Score History
You have not taken this quiz